| 000 | 00441nam a22001697a 4500 | ||
|---|---|---|---|
| 003 | NUST - PNEC | ||
| 005 | 20170116181058.0 | ||
| 008 | 151002b xxu||||| |||| 00| 0 eng d | ||
| 020 | _a- | ||
| 040 | _cLIBRARY | ||
| 082 | _a923.549 ZAF | ||
| 100 |
_912218 _aChaudhry, Zafar A. |
||
| 245 |
_aMosaic of memory : a personal narrative _cZafar A. Chaudhry |
||
| 260 | _cc.1985 | ||
| 650 |
_912225 _aMarshals _xGeneral books |
||
| 942 |
_2ddc _cBK |
||
| 999 |
_c68664 _d68664 |
||